[Event "III Festival Isola Verde A"]
[Site "Ischia ITA"]
[Date "2011.07.31"]
[Round "6"]
[White "Gregori, Giacomo"]
[Black "Iudicello, Giovanni"]
[Result "0-1"]
[WhiteElo "2005"]
[BlackElo "2180"]
[PlyCount "130"]
[EventDate "2011.07.26"]

1. d4 Nf6 2. c4 g6 3. g3 Bg7 4. Bg2 d6 5. Nc3 O-O 6. Nf3 Nbd7 7. O-O e5 8. e4
c6 9. h3 Qe7 10. Be3 Ne8 11. c5 dxc5 12. dxe5 Nxe5 13. Nxe5 Bxe5 14. f4 Bxc3
15. bxc3 Ng7 16. Qc2 Be6 17. Rad1 Rad8 18. Qa4 b6 19. Rf2 Rxd1+ 20. Qxd1 Rd8
21. Rd2 Rxd2 22. Qxd2 Qd7 23. Qxd7 Bxd7 24. Kf2 h5 25. Bf1 Be6 26. a3 f5 27.
Bg2 Bd7 28. Bc1 Kf7 29. e5 Ke7 30. Ke3 Kd8 31. Kd3 Kc7 32. Be3 Be6 33. c4 Bc8
34. Kc3 Ne6 35. Bf1 Bd7 36. Bd3 Nf8 37. Bf2 Kb7 38. Be3 Be6 39. Bf2 Ka6 40. Be3
Ka5 41. Be2 Ka6 42. Bd3 Kb7 43. Bf2 Bf7 44. Be2 Ne6 45. Be3 a6 46. a4 Kc7 47.
Bf1 Be8 48. Be2 b5 49. cxb5 cxb5 50. axb5 axb5 51. g4 hxg4 52. hxg4 Kb6 53.
gxf5 gxf5 54. Bd3 Bg6 55. Be2 Nc7 56. Bf3 Bf7 57. Bf2 Bd5 58. Bh5 b4+ 59. Kb2
Kb5 60. Bh4 c4 61. Be7 c3+ 62. Kc1 b3 63. Be2+ Bc4 64. Bxc4+ Kxc4 65. Bd6 Ne6
0-1

[Event "III Festival Isola Verde A"]
[Site "Ischia ITA"]
[Date "2011.07.31"]
[Round "6"]
[White "Lyons, Brendan"]
[Black "Pagano, Sergio"]
[Result "0-1"]
[WhiteElo "1966"]
[BlackElo "1970"]
[PlyCount "176"]
[EventDate "2011.07.26"]

1. e4 c6 2. d3 d5 3. Nd2 g6 4. g3 Bg7 5. Bg2 dxe4 6. dxe4 b6 7. Ne2 a5 8. O-O
Ra7 9. Qe1 Ba6 10. Nf3 e5 11. Bg5 f6 12. Rd1 Rd7 13. Rxd7 Qxd7 14. Be3 c5 15.
b3 Nc6 16. Bd2 Nge7 17. Qd1 Kf7 18. Re1 Rd8 19. Qc1 g5 20. Bxg5 Bxe2 21. Rxe2
fxg5 22. Qxg5 Qe6 23. Qh4 Rd1+ 24. Bf1 Qh6 25. Qg4 Bf6 26. Kg2 Qg6 27. Qh3 h5
28. Kg1 Qg4 29. Qg2 Qd7 30. h4 Nd4 31. Re3 Nxc2 32. Rc3 Nd4 33. Kh2 Nec6 34.
Ng5+ Bxg5 35. hxg5 Qg4 36. Qh1 Kg6 37. Qg2 Qxg5 38. Qh3 Qd2 39. Qc8 Qxf2+ 40.
Bg2 Qf7 41. Bf3 Rd2+ 42. Kg1 Nd8 43. Bxh5+ Kxh5 44. Qh3+ Kg6 45. Qg4+ Kf6 46.
Qh4+ Ke6 47. Qh6+ Ke7 48. Qg5+ Qf6 49. Qxd2 N8e6 50. Qf2 Ng5 51. Qxf6+ Kxf6 52.
Re3 Nh7 53. Kg2 Kg5 54. Kh3 Nf6 55. Re1 Nb5 56. Kg2 Kg4 57. Rh1 Nxe4 58. Rh4+
Kf5 59. Rh5+ Ng5 60. Rh6 Nc3 61. Rxb6 Nxa2 62. Rb5 Nc1 63. Rxc5 Nxb3 64. Rb5 a4
65. Rb4 Nc5 66. g4+ Kf6 67. Rb6+ Nge6 68. Kf3 Kg5 69. Rb8 Nd4+ 70. Kg3 Ne4+ 71.
Kh3 a3 72. Rg8+ Kf4 73. Rf8+ Ke3 74. Ra8 Nc2 75. Ra5 Kf4 76. Kh4 Ng5 77. Ra8
Nf3+ 78. Kh5 e4 79. Rf8+ Kg3 80. g5 Nxg5 81. Kxg5 a2 82. Re8 e3 83. Re4 a1=Q
84. Rg4+ Kf3 85. Rf4+ Kg2 86. Rf5 Qg7+ 87. Kf4 Nd4 88. Rg5+ Qxg5+ 0-1

[Event "III Festival Isola Verde A"]
[Site "Ischia ITA"]
[Date "2011.07.31"]
[Round "6"]
[White "Magaldi, Giuseppe"]
[Black "Calabrese, Claudio"]
[Result "0-1"]
[WhiteElo "1452"]
[BlackElo "1942"]
[PlyCount "72"]
[EventDate "2011.07.26"]

1. d4 d6 2. Nf3 Bg4 3. e3 Nf6 4. Bd3 Nbd7 5. Nbd2 c6 6. h3 Bh5 7. g4 Bg6 8.
Bxg6 hxg6 9. Qe2 Nxg4 10. Nb3 e6 11. Bd2 Be7 12. O-O-O Ngf6 13. e4 d5 14. e5
Ne4 15. h4 Bxh4 16. Nxh4 Rxh4 17. f3 Ng3 18. Qg2 Rxh1 19. Rxh1 Nxh1 20. Bg5 f6
21. exf6 gxf6 22. Bh6 Kf7 23. Qxh1 Qh8 24. Qh2 Re8 25. Qf4 g5 26. Bxg5 Qh1+ 27.
Kd2 Qg2+ 28. Kd3 Qxg5 29. Qd6 Qf5+ 30. Kc3 e5 31. Kb4 Qe6 32. Qc7 e4 33. Nc5
Qe7 34. fxe4 Nxc5 35. Qxe7+ Kxe7 36. dxc5 dxe4 0-1

[Event "III Festival Isola Verde A"]
[Site "Ischia ITA"]
[Date "2011.07.31"]
[Round "6"]
[White "Meijers, Viesturs"]
[Black "Drasko, Milan"]
[Result "1/2-1/2"]
[WhiteElo "2492"]
[BlackElo "2469"]
[PlyCount "32"]
[EventDate "2011.07.26"]

1. d4 e6 2. Nf3 Nf6 3. e3 c5 4. b3 d5 5. Bb2 Nbd7 6. Nbd2 g6 7. c4 cxd4 8. Bxd4
dxc4 9. Bxc4 Bg7 10. O-O O-O 11. Ne5 Nxe5 12. Bxe5 b5 13. Be2 Bb7 14. Nf3 a6
15. a4 Qxd1 16. Rfxd1 bxa4 1/2-1/2

[Event "III Festival Isola Verde A"]
[Site "Ischia ITA"]
[Date "2011.07.31"]
[Round "6"]
[White "Melnikova, Yana"]
[Black "Gamback, Bjorn"]
[Result "0-1"]
[WhiteElo "2236"]
[BlackElo "2172"]
[PlyCount "64"]
[EventDate "2011.07.26"]

1. e4 c5 2. Nf3 e6 3. d4 cxd4 4. Nxd4 a6 5. Bd3 Bc5 6. Nb3 Be7 7. c4 d6 8. O-O
Nf6 9. Nc3 O-O 10. Qe2 Qc7 11. f4 Nbd7 12. Bd2 Re8 13. Rae1 e5 14. f5 Nc5 15.
Nc1 b6 16. Bg5 Bb7 17. Bxf6 Bxf6 18. Rf3 Rac8 19. Bc2 Bc6 20. b4 Nd7 21. Bb3 b5
22. Kh1 Bg5 23. cxb5 axb5 24. Nd3 Nf6 25. Nf2 Bh4 26. g3 Bg5 27. h4 Bh6 28. Nh3
d5 29. Nxd5 Bxd5 30. Bxd5 Nxd5 31. exd5 e4 32. f6 Qd7 0-1

[Event "III Festival Isola Verde A"]
[Site "Ischia ITA"]
[Date "2011.07.31"]
[Round "6"]
[White "Mirzoev, Azer"]
[Black "Naumkin, Igor"]
[Result "1/2-1/2"]
[WhiteElo "2415"]
[BlackElo "2486"]
[PlyCount "37"]
[EventDate "2011.07.26"]

1. e4 e6 2. d4 d5 3. exd5 exd5 4. Bf4 Bd6 5. Bxd6 Qxd6 6. c3 Ne7 7. Bd3 Bf5 8.
Bxf5 Nxf5 9. Nf3 Qe6+ 10. Qe2 Qxe2+ 11. Kxe2 c6 12. Nbd2 Nd7 13. Rhe1 f6 14.
Kf1+ Kf7 15. Re2 Rae8 16. Rae1 Rxe2 17. Rxe2 Re8 18. Rxe8 Kxe8 19. Ke2 1/2-1/2

[Event "III Festival Isola Verde A"]
[Site "Ischia ITA"]
[Date "2011.07.31"]
[Round "6"]
[White "Taglialatela, Massimiliano"]
[Black "Andreoli, Mark"]
[Result "1-0"]
[WhiteElo "2026"]
[BlackElo "1991"]
[PlyCount "101"]
[EventDate "2011.07.26"]

1. e4 c5 2. Nf3 d6 3. Bb5+ Nd7 4. O-O a6 5. Bd3 Ngf6 6. c3 g6 7. Bc2 Bg7 8. d4
O-O 9. Re1 b5 10. Bf4 Bb7 11. Nbd2 Qc7 12. dxc5 Nxc5 13. Qe2 Ne6 14. Be3 b4 15.
Bd3 bxc3 16. bxc3 Ng4 17. Rac1 Nxe3 18. Qxe3 Rfc8 19. Bc4 Nc5 20. Bd5 Rab8 21.
Ng5 e6 22. Bxb7 Rxb7 23. Rb1 Rcb8 24. Rxb7 Rxb7 25. Nc4 h6 26. Nf3 Na4 27. Qd3
Nb2 28. Nxb2 Rxb2 29. Qxa6 Qxc3 30. Qxd6 Rxa2 31. h3 Qc2 32. Qb6 Bf8 33. Rf1
Bc5 34. Qd8+ Kg7 35. Qh4 Ra4 36. Re1 f5 37. Qg3 fxe4 38. Ne5 g5 39. Ng4 Bd4 40.
Qd6 Qd2 41. Qe7+ Kg8 42. Qxe6+ Kf8 43. Qxh6+ Kf7 44. Qh7+ Kf8 45. Qf5+ Kg8 46.
Rxe4 Qc1+ 47. Kh2 Qc7+ 48. Ne5 Bxe5+ 49. Rxe5 Ra5 50. Qxg5+ Kf7 51. Qf4+ 1-0

[Event "III Festival Isola Verde A"]
[Site "Ischia ITA"]
[Date "2011.07.31"]
[Round "6"]
[White "Todorov, Todor"]
[Black "Panarello, Giuseppe"]
[Result "1-0"]
[WhiteElo "2497"]
[BlackElo "1990"]
[PlyCount "73"]
[EventDate "2011.07.26"]

1. e4 c5 2. Nf3 d6 3. Bb5+ Bd7 4. Bxd7+ Qxd7 5. O-O Nc6 6. c3 g6 7. d4 cxd4 8.
cxd4 Bg7 9. Nc3 Nf6 10. Bg5 h6 11. Bf4 O-O 12. Re1 Nh5 13. Be3 Na5 14. b3 Kh7
15. Rc1 Rac8 16. Qd3 b6 17. d5 Nb7 18. b4 Nf6 19. h3 Ra8 20. Nb5 Ne8 21. Rc6 a6
22. Nbd4 b5 23. Rec1 Nd8 24. R6c2 Qb7 25. Nc6 Nxc6 26. dxc6 Qc7 27. a4 bxa4 28.
Ra2 a3 29. Qxa3 Nf6 30. Qd3 Rfb8 31. Rxa6 Rxa6 32. Qxa6 Rxb4 33. Bd2 Rb8 34.
Ba5 Qc8 35. c7 Nd7 36. Qc6 Nc5 37. cxb8=Q 1-0

[Event "III Festival Isola Verde A"]
[Site "Ischia ITA"]
[Date "2011.08.01"]
[Round "7"]
[White "Andreoli, Mark"]
[Black "Melnikova, Yana"]
[Result "0-1"]
[WhiteElo "1991"]
[BlackElo "2236"]
[PlyCount "68"]
[EventDate "2011.07.26"]

1. e4 c5 2. d4 cxd4 3. c3 Nf6 4. e5 Nd5 5. Qxd4 e6 6. Nf3 Nc6 7. Qe4 f5 8. Qe2
Be7 9. g3 a5 10. Bg2 b5 11. O-O O-O 12. Rd1 Qb6 13. Nbd2 Ba6 14. Nb3 a4 15.
Nbd4 Na5 16. Bg5 Bc5 17. Qc2 Rac8 18. Nxf5 Rxf5 19. Rxd5 Bb7 20. Rxc5 Rxc5 21.
Be3 Bxf3 22. Bxf3 Rxf3 23. b4 axb3 24. axb3 Rxe3 25. fxe3 Rxe5 26. Qf2 Rf5 27.
Qd2 Nxb3 28. Ra8+ Rf8 29. Rxf8+ Kxf8 30. Qxd7 Qxe3+ 31. Kf1 Nd2+ 32. Kg2 Qf3+
33. Kh3 Qh5+ 34. Kg2 Qd5+ 0-1

[Event "III Festival Isola Verde A"]
[Site "Ischia ITA"]
[Date "2011.08.01"]
[Round "7"]
[White "Dazj, Andrea"]
[Black "Gregori, Giacomo"]
[Result "1-0"]
[WhiteElo "1875"]
[BlackElo "2005"]
[PlyCount "96"]
[EventDate "2011.07.26"]

1. d4 Nf6 2. c4 g6 3. Nf3 Bg7 4. g3 O-O 5. Bg2 d6 6. O-O Nc6 7. Nc3 Bf5 8. Re1
Ne4 9. e3 Nxc3 10. bxc3 e5 11. h3 Be4 12. Bb2 f5 13. Qe2 Bxf3 14. Bxf3 e4 15.
Bg2 Qe7 16. Ba3 b6 17. Rad1 Na5 18. Rd2 Qf7 19. Bf1 Rfd8 20. f3 exf3 21. Qd3 d5
22. cxd5 Qxd5 23. e4 fxe4 24. Qxe4 Qg5 25. Re3 Qxg3+ 26. Kh1 Qg5 27. Be7 Qh6
28. Bxd8 Rxd8 29. Rf2 c5 30. dxc5 bxc5 31. Rexf3 Qh5 32. Qe6+ Kh8 33. Qa6 c4
34. Qxa7 Nc6 35. Qe3 Qd5 36. Bg2 Qd1+ 37. Rf1 Qd2 38. Qxd2 Rxd2 39. Re3 Ne5 40.
Rfe1 Nd7 41. Re8+ Nf8 42. Rc8 h5 43. a4 Kh7 44. Rxc4 Nd7 45. Ra1 Nb6 46. Rc6
Nxa4 47. Be4 Nxc3 48. Bxg6+ Kh6 1-0

[Event "III Festival Isola Verde A"]
[Site "Ischia ITA"]
[Date "2011.08.01"]
[Round "7"]
[White "Diotallevi, Maurizio"]
[Black "Soldatov, Ilja"]
[Result "1-0"]
[WhiteElo "2049"]
[BlackElo "2158"]
[PlyCount "151"]
[EventDate "2011.07.26"]

1. d4 g6 2. e4 d6 3. Nf3 Nf6 4. Nc3 Bg7 5. Be2 O-O 6. h3 Nc6 7. O-O e5 8. Be3
exd4 9. Nxd4 Re8 10. Nxc6 bxc6 11. Bf3 Bb7 12. Re1 c5 13. Bg5 h6 14. Bh4 g5 15.
Bg3 Nd7 16. Qd2 Ne5 17. Be2 Ng6 18. f3 Be5 19. Bxe5 Rxe5 20. Bc4 Qf6 21. Bd5 c6
22. Bc4 Rd8 23. Rad1 Bc8 24. Re3 Nf4 25. Kh2 Be6 26. Bxe6 fxe6 27. Ne2 Nxe2 28.
Rxe2 d5 29. Qa5 Rf8 30. Rde1 h5 31. Qxc5 dxe4 32. Qxc6 g4 33. Rxe4 Rxe4 34.
Qxe4 gxf3 35. gxf3 Rf7 36. Rg1+ Rg7 37. Rxg7+ Kxg7 38. c3 a6 39. f4 Qh4 40. Kg2
Kf7 41. Qe5 Kf8 42. b4 Ke8 43. Qxe6+ Kd8 44. Qe5 Kc8 45. c4 Qd8 46. Qd5 Qf6 47.
Qc5+ Kb7 48. Kg3 Qc3+ 49. Kh4 Qe1+ 50. Kxh5 Qe8+ 51. Kg5 Qd8+ 52. Kg6 Qg8+ 53.
Kf6 Qh8+ 54. Ke7 Qh7+ 55. Ke6 Qg6+ 56. Ke5 Qg7+ 57. Kf5 Qd7+ 58. Ke4 Qe6+ 59.
Kd4 Qxh3 60. Qd5+ Kc7 61. Qe5+ Kd7 62. Kc5 a5 63. Qd6+ Ke8 64. Qb8+ Kd7 65.
Qa7+ Kc8 66. Qa8+ Kd7 67. Qc6+ Kd8 68. bxa5 Qa3+ 69. Kb6 Qb4+ 70. Ka6 Qc3 71.
f5 Ke7 72. Qc5+ Kd7 73. Kb7 Qc2 74. a3 Kd8 75. a6 Qa4 76. Qd6+ 1-0

[Event "III Festival Isola Verde A"]
[Site "Ischia ITA"]
[Date "2011.08.01"]
[Round "7"]
[White "Gamback, Bjorn"]
[Black "Taglialatela, Massimiliano"]
[Result "1-0"]
[WhiteElo "2172"]
[BlackElo "2026"]
[PlyCount "63"]
[EventDate "2011.07.26"]

1. c4 Nf6 2. Nf3 e6 3. e3 d5 4. a3 Be7 5. b4 O-O 6. Bb2 c5 7. bxc5 Bxc5 8. Be2
dxc4 9. Bxc4 Nbd7 10. O-O a6 11. d4 Be7 12. Bd3 b5 13. Qe2 Bb7 14. e4 Re8 15.
a4 b4 16. a5 Bf8 17. Nbd2 e5 18. Nxe5 Nxe5 19. dxe5 Nd7 20. f4 Nc5 21. Bc4 Rc8
22. Kh1 Qd7 23. f5 Rcd8 24. Rad1 Qc7 25. Qg4 Rxd2 26. Rxd2 Nxe4 27. Rc2 Qxa5
28. Bxf7+ Kxf7 29. Qh5+ Ke7 30. f6+ gxf6 31. exf6+ Kd7 32. Qxa5 1-0

[Event "III Festival Isola Verde A"]
[Site "Ischia ITA"]
[Date "2011.08.01"]
[Round "7"]
[White "Iudicello, Giovanni"]
[Black "Dervishi, Erald"]
[Result "0-1"]
[WhiteElo "2180"]
[BlackElo "2543"]
[PlyCount "148"]
[EventDate "2011.07.26"]

1. e4 e5 2. Nf3 Nc6 3. Bb5 a6 4. Ba4 Nf6 5. O-O Be7 6. Re1 b5 7. Bb3 d6 8. c3
O-O 9. h3 Nb8 10. d4 Nbd7 11. Nbd2 Bb7 12. Bc2 Re8 13. Nf1 Bf8 14. Ng3 g6 15.
dxe5 dxe5 16. Qe2 Nb6 17. Rd1 Qe7 18. b3 h6 19. Be3 c5 20. Rd2 Bc6 21. Nh2 Rad8
22. Rad1 Rxd2 23. Rxd2 Na8 24. Ng4 Nxg4 25. Qxg4 Kh7 26. h4 Nc7 27. h5 Ne6 28.
Ne2 Qf6 29. Rd1 Be7 30. hxg6+ fxg6 31. f4 exf4 32. Nxf4 Nxf4 33. Qxf4 Qxf4 34.
Bxf4 Kg7 35. Kf2 g5 36. Be5+ Kf7 37. Ke3 Ke6 38. Bg3 h5 39. Rf1 h4 40. Bc7 g4
41. Bd1 Rg8 42. Rf5 Be8 43. Rf1 Bf6 44. Rh1 Bc6 45. Bf4 Rg7 46. Be2 Rg6 47. Bd1
Rg8 48. Be2 g3 49. Bf3 Rd8 50. Bg4+ Kf7 51. Bh5+ Kg7 52. Bf3 Bxc3 53. Rxh4 b4
54. Be2 Rd2 55. Bxg3 Rxa2 56. Rg4+ Kf6 57. Bh4+ Ke6 58. Rg6+ Kd7 59. Bg4+ Kc7
60. Bg3+ Kb7 61. Bc8+ Kxc8 62. Rxc6+ Kb7 63. Rxc5 Rxg2 64. Bd6 Rb2 65. e5 Rxb3
66. Ke4 Rb1 67. Kd5 Rd1+ 68. Ke6 Rd3 69. Rc7+ Kb6 70. Rc8 a5 71. Ra8 Kb5 72.
Bc7 b3 73. Rb8+ Ka4 74. Kf7 Rd7+ 0-1

[Event "III Festival Isola Verde A"]
[Site "Ischia ITA"]
[Date "2011.08.01"]
[Round "7"]
[White "Lyons, Brendan"]
[Black "Magaldi, Giuseppe"]
[Result "1-0"]
[WhiteElo "1966"]
[BlackElo "1452"]
[PlyCount "45"]
[EventDate "2011.07.26"]

1. e4 e5 2. Nf3 Nc6 3. Bc4 Nf6 4. d3 d6 5. c3 Be6 6. Bxe6 fxe6 7. Qb3 d5 8.
Qxb7 Na5 9. Qb5+ c6 10. Qa4 Bd6 11. b4 Bc7 12. bxa5 Bxa5 13. Qxc6+ Nd7 14.
Qxe6+ Qe7 15. Qxe7+ Kxe7 16. Ba3+ Kd8 17. exd5 Bxc3+ 18. Nxc3 Rc8 19. Rc1 Nb6
20. Nxe5 Re8 21. f4 Na4 22. Nxa4 Rxc1+ 23. Bxc1 1-0

[Event "III Festival Isola Verde A"]
[Site "Ischia ITA"]
[Date "2011.08.01"]
[Round "7"]
[White "Meijers, Viesturs"]
[Black "Todorov, Todor"]
[Result "1-0"]
[WhiteElo "2492"]
[BlackElo "2497"]
[PlyCount "63"]
[EventDate "2011.07.26"]

1. d4 c5 2. e3 Nf6 3. Nf3 e6 4. b3 cxd4 5. exd4 b6 6. Bd3 Bb7 7. O-O Nc6 8. a3
Be7 9. c4 d5 10. Bb2 O-O 11. Nbd2 Rc8 12. Rc1 dxc4 13. bxc4 Qd6 14. Bb1 Rfd8
15. Qe2 Qf4 16. Rfd1 Bd6 17. d5 exd5 18. cxd5 Ne7 19. Rxc8 Bxc8 20. g3 Qh6 21.
Ne4 Nxe4 22. Bxe4 Qh5 23. Nd4 Qxe2 24. Nxe2 Bb7 25. Nd4 Be5 26. d6 Bxe4 27.
dxe7 Re8 28. Nf5 Bc7 29. Nxg7 Rxe7 30. Re1 Bd8 31. Bf6 Rd7 32. Nh5 1-0

[Event "III Festival Isola Verde A"]
[Site "Ischia ITA"]
[Date "2011.08.01"]
[Round "7"]
[White "Naumkin, Igor"]
[Black "Gaponenko, Inna"]
[Result "1-0"]
[WhiteElo "2486"]
[BlackElo "2442"]
[PlyCount "81"]
[EventDate "2011.07.26"]

1. d4 Nf6 2. c4 e6 3. Nf3 d5 4. Nc3 Bb4 5. cxd5 exd5 6. Bg5 Nbd7 7. e3 c5 8.
Bd3 Qa5 9. O-O Bxc3 10. bxc3 c4 11. Bc2 O-O 12. Ne5 Ne4 13. Be7 Re8 14. Bb4 Qa6
15. Nxf7 Qf6 16. Bxe4 Rxe4 17. Nd6 Rh4 18. f4 Qe6 19. Qe1 Rh5 20. e4 dxe4 21.
f5 Qh6 22. Qe2 Nb6 23. f6 gxf6 24. Nxe4 Rf5 25. Qg4+ Qg7 26. Qe2 Be6 27. Ng3
Rxf1+ 28. Rxf1 Bg4 29. Qe4 Rd8 30. h3 Bc8 31. Nh5 f5 32. Qh4 Qc7 33. Nf6+ Kh8
34. Nxh7 Nd5 35. Nf8+ Kg8 36. Qg5+ Kh8 37. Ng6+ Kh7 38. Bf8 Re8 39. Qh5+ Kg8
40. Qh8+ Kf7 41. Qg7+ 1-0

[Event "III Festival Isola Verde A"]
[Site "Ischia ITA"]
[Date "2011.08.01"]
[Round "7"]
[White "Pagano, Sergio"]
[Black "Calabrese, Claudio"]
[Result "1-0"]
[WhiteElo "1970"]
[BlackElo "1942"]
[PlyCount "103"]
[EventDate "2011.07.26"]

1. d4 d6 2. Nf3 Bg4 3. Bf4 Bxf3 4. gxf3 e6 5. c3 c6 6. Nd2 d5 7. Qb3 Qb6 8. e4
Nf6 9. Be2 Nbd7 10. Be3 Be7 11. e5 Ng8 12. Qc2 h5 13. Rg1 Bf8 14. c4 Ne7 15. c5
Qc7 16. Bd3 O-O-O 17. f4 g6 18. b4 Bh6 19. Ke2 Nf5 20. Nf3 Nb8 21. a4 Kd7 22.
b5 Ke7 23. Ra3 Rhg8 24. Qb2 Nd7 25. Rb1 Ra8 26. b6 axb6 27. cxb6 Qd8 28. a5 Nb8
29. a6 Nxa6 30. Bxa6 Rxa6 31. Rxa6 bxa6 32. b7 Qb8 33. Qa3+ Kd7 34. Qxa6 Nxe3
35. fxe3 Qc7 36. Nd2 Rb8 37. Nb3 Bf8 38. Na5 Be7 39. Rc1 Bb4 40. Nxc6 Rxb7 41.
Nxb4 Qxc1 42. Qxb7+ Ke8 43. Qc6+ Qxc6 44. Nxc6 Kd7 45. Nb4 Ke7 46. Kf3 f6 47.
Nc6+ Kf7 48. Kg3 g5 49. exf6 Kxf6 50. fxg5+ Kxg5 51. h4+ Kf5 52. Kf3 1-0

[Event "III Festival Isola Verde A"]
[Site "Ischia ITA"]
[Date "2011.08.01"]
[Round "7"]
[White "Zakurdjaeva, Irina"]
[Black "Panarello, Giuseppe"]
[Result "1-0"]
[WhiteElo "2268"]
[BlackElo "1990"]
[PlyCount "129"]
[EventDate "2011.07.26"]

1. e4 c5 2. Nf3 d6 3. d4 cxd4 4. Nxd4 Nf6 5. Nc3 a6 6. Be2 e6 7. O-O Be7 8. Be3
O-O 9. f4 Qc7 10. Qe1 b5 11. a3 Bb7 12. Bf3 Nbd7 13. Kh1 Rac8 14. Bg1 Nb6 15.
g4 Nc4 16. g5 Nd7 17. Bg2 Nxb2 18. Rf3 Rfe8 19. Qh4 Nf8 20. f5 e5 21. f6 exd4
22. Bxd4 Ng6 23. Qh5 Qc4 24. Rh3 h6 25. Ne2 Nf4 26. Nxf4 Qxd4 27. Rf1 Bxe4 28.
fxe7 Bxg2+ 29. Nxg2 Rxe7 30. gxh6 Rc5 31. Qf3 Qd5 32. Rg3 Qxf3 33. Rxg7+ Kh8
34. Rxf3 Rh5 35. Rfg3 Re8 36. Rxf7 Rxh6 37. Ne3 Rg8 38. Rgf3 Nc4 39. Nf5 Rh5
40. Ng3 Rhg5 41. Ra7 Ne5 42. Rf6 R5g6 43. Rf5 Rh6 44. Rh5 Rxh5 45. Nxh5 Nf3 46.
Ng3 Nd4 47. c3 Nc2 48. Rxa6 Rc8 49. Ne2 Rc4 50. Rxd6 Nxa3 51. Rd4 Rc5 52. Kg2
Rg5+ 53. Kf3 Rh5 54. h4 Kg8 55. Ng3 Rc5 56. Ne4 Rc6 57. Kf4 Nb1 58. Rd3 Rc4 59.
Kf5 Rc7 60. h5 Rf7+ 61. Nf6+ Kg7 62. Rg3+ Kf8 63. h6 Ke7 64. Re3+ Kd6 65. h7
1-0

[Event "III Festival Isola Verde A"]
[Site "Ischia ITA"]
[Date "2011.08.02"]
[Round "8"]
[White "Andreoli, Mark"]
[Black "Lyons, Brendan"]
[Result "0-1"]
[WhiteElo "1991"]
[BlackElo "1966"]
[PlyCount "52"]
[EventDate "2011.07.26"]

1. e4 d5 2. Nf3 dxe4 3. Ng5 Bf5 4. g4 Bg6 5. Bg2 h6 6. Nxe4 c6 7. O-O e6 8. d4
Nf6 9. Nbc3 Nbd7 10. Bf4 Nd5 11. Nxd5 cxd5 12. Nd6+ Bxd6 13. Bxd6 Qb6 14. Ba3
h5 15. g5 O-O-O 16. c4 dxc4 17. Rc1 Ne5 18. Qe2 Qxd4 19. Rfd1 Bd3 20. Rxd3 Nxd3
21. Qf3 Rd7 22. Rd1 Qg4 23. Rxd3 cxd3 24. Qe3 d2 25. Qc5+ Kb8 26. Qe5+ Ka8 0-1

[Event "III Festival Isola Verde A"]
[Site "Ischia ITA"]
[Date "2011.08.02"]
[Round "8"]
[White "Calabrese, Claudio"]
[Black "Gregori, Giacomo"]
[Result "1/2-1/2"]
[WhiteElo "1942"]
[BlackElo "2005"]
[PlyCount "49"]
[EventDate "2011.07.26"]

1. d4 Nf6 2. c4 g6 3. Nc3 Bg7 4. e4 d6 5. f3 b6 6. Be3 c5 7. Nge2 cxd4 8. Nxd4
Bb7 9. Be2 Nbd7 10. O-O O-O 11. Qd2 Rc8 12. Rac1 Ne5 13. b3 Nc6 14. Nxc6 Bxc6
15. Nd5 Qd7 16. Rfd1 Qb7 17. Bg5 Bxd5 18. cxd5 a6 19. Rxc8 Rxc8 20. Rc1 b5 21.
Rxc8+ Qxc8 22. Qc1 Qxc1+ 23. Bxc1 Nd7 24. Be3 Bc3 25. Kf1 1/2-1/2

[Event "III Festival Isola Verde A"]
[Site "Ischia ITA"]
[Date "2011.08.02"]
[Round "8"]
[White "Dervishi, Erald"]
[Black "Todorov, Todor"]
[Result "1-0"]
[WhiteElo "2543"]
[BlackElo "2497"]
[PlyCount "75"]
[EventDate "2011.07.26"]

1. e4 e5 2. Nf3 Nc6 3. Bb5 Nge7 4. O-O g6 5. d4 exd4 6. Nxd4 Bg7 7. Be3 O-O 8.
Nc3 d5 9. exd5 Nxd5 10. Nxd5 Qxd5 11. c4 Qe4 12. Bxc6 bxc6 13. Qb1 Qh4 14. Rd1
c5 15. Nb3 Qxc4 16. Bxc5 Re8 17. Bd4 Bh6 18. Re1 Bf5 19. Qd1 a5 20. Bc3 a4 21.
Nd4 Bd7 22. a3 Rxe1+ 23. Qxe1 Re8 24. Qd1 Bc8 25. Nf3 Be6 26. h3 Qe4 27. Nd2
Qc6 28. Nf1 Qc4 29. Qf3 Bg5 30. Ne3 Qf4 31. Qc6 Rd8 32. Re1 Be7 33. g3 Qd6 34.
Qxa4 Bd7 35. Qc4 Bxh3 36. Rd1 Qb6 37. Nd5 Qe6 38. Qd4 1-0

[Event "III Festival Isola Verde A"]
[Site "Ischia ITA"]
[Date "2011.08.02"]
[Round "8"]
[White "Drasko, Milan"]
[Black "Gamback, Bjorn"]
[Result "1-0"]
[WhiteElo "2469"]
[BlackElo "2172"]
[PlyCount "111"]
[EventDate "2011.07.26"]

1. Nf3 c5 2. g3 b6 3. Bg2 Bb7 4. c4 e6 5. O-O Nf6 6. Nc3 a6 7. d4 cxd4 8. Qxd4
d6 9. Rd1 Nbd7 10. Bg5 Be7 11. Qd2 Qc8 12. Bf4 Nc5 13. b4 Nce4 14. Nxe4 Nxe4
15. Qd3 O-O 16. Rac1 Rd8 17. Be3 Qc7 18. Qd4 Rab8 19. Qxb6 Qd7 20. Qa5 Bf6 21.
Bd4 Qe7 22. Qa3 Ba8 23. Bxf6 Qxf6 24. Rc2 Rb6 25. Qb2 Qxb2 26. Rxb2 Rdb8 27. a3
a5 28. b5 d5 29. Ne5 Nc3 30. Rc1 Na4 31. Rbb1 Rc8 32. Kf1 f6 33. Nd7 Rd6 34.
cxd5 Rxc1+ 35. Rxc1 Bxd5 36. Rc8+ Kf7 37. Rc7 Ke8 38. Bxd5 Rxd5 39. b6 Kd8 40.
b7 Kxc7 41. b8=Q+ Kxd7 42. Qb7+ Kd6 43. Qxg7 h5 44. Qxf6 Nb6 45. e4 Nd7 46. Qd8
Rc5 47. f4 Kc6 48. e5 Rd5 49. Qe8 Rd3 50. Qxe6+ Kb5 51. a4+ Kb4 52. Qc6 Rd2 53.
e6 h4 54. Qxd7 Rxh2 55. gxh4 Rh1+ 56. Kg2 1-0

[Event "III Festival Isola Verde A"]
[Site "Ischia ITA"]
[Date "2011.08.02"]
[Round "8"]
[White "Iudicello, Giovanni"]
[Black "Diotallevi, Maurizio"]
[Result "1/2-1/2"]
[WhiteElo "2180"]
[BlackElo "2049"]
[PlyCount "104"]
[EventDate "2011.07.26"]

1. Nf3 g6 2. g3 b6 3. Bg2 Bb7 4. d3 Bg7 5. e4 d6 6. Nc3 e6 7. Bg5 Ne7 8. Qd2 h6
9. Be3 a6 10. O-O Nd7 11. Rae1 Kf8 12. Re2 Kg8 13. Ne1 Kh7 14. f4 Rb8 15. Nf3
Rf8 16. Bd4 Bxd4+ 17. Nxd4 c5 18. Nf3 b5 19. g4 b4 20. Nd1 d5 21. Nf2 Kg7 22.
f5 Ng8 23. e5 exf5 24. gxf5 d4 25. f6+ Kh7 26. Qf4 Bxf3 27. Bxf3 Qc7 28. Qg3
Rfe8 29. Rfe1 Nf8 30. Bd5 Ne6 31. Ng4 Rbd8 32. Bc4 Qb7 33. Kf2 h5 34. Bxe6 Rxe6
35. Qh3 Nh6 36. Nxh6 Kxh6 37. Qg3 Qd5 38. b3 Rde8 39. Re4 Kh7 40. Qg5 Rh8 41.
Rg1 Kg8 42. Qf4 a5 43. Rg5 a4 44. Qg3 Rh6 45. Qf4 Rh8 46. Re1 a3 47. Reg1 Kf8
48. Re1 Ke8 49. Qg3 Rh6 50. Re4 Kd7 51. h4 Kc6 52. Qf4 Rh8 1/2-1/2

[Event "III Festival Isola Verde A"]
[Site "Ischia ITA"]
[Date "2011.08.02"]
[Round "8"]
[White "Mirzoev, Azer"]
[Black "Meijers, Viesturs"]
[Result "1-0"]
[WhiteElo "2415"]
[BlackElo "2492"]
[PlyCount "131"]
[EventDate "2011.07.26"]

1. d4 Nf6 2. c4 e6 3. Nf3 d5 4. g3 dxc4 5. Qa4+ Nbd7 6. Bg2 a6 7. Nc3 Rb8 8.
Qxc4 b5 9. Qd3 Bb7 10. O-O c5 11. Rd1 Rc8 12. Bg5 h6 13. Bxf6 Nxf6 14. dxc5
Qxd3 15. Rxd3 Bxc5 16. Nd2 Bxg2 17. Kxg2 Ke7 18. a4 b4 19. Nce4 Nxe4 20. Nxe4
f5 21. Nd2 Ba7 22. Nb3 Rc2 23. Rad1 Ra8 24. Rd7+ Kf6 25. R1d2 Rxd2 26. Nxd2 Bc5
27. Rc7 Bd4 28. Nc4 Ra7 29. Rc6 Be5 30. a5 Bc7 31. Kf3 Ke7 32. Nb6 Rb7 33. Na4
Bxa5 34. Rxa6 Rb5 35. b3 Kf6 36. Rc6 Re5 37. e3 g5 38. Nc5 Kf7 39. Ke2 g4 40.
Nd3 Re4 41. Rc8 Ke7 42. Rh8 Kf6 43. Rb8 Bc7 44. Rxb4 Rxb4 45. Nxb4 Ke5 46. Kd3
Bd6 47. Na2 Kd5 48. b4 h5 49. Nc3+ Kc6 50. Kc4 Be7 51. Na4 h4 52. Nc5 hxg3 53.
hxg3 e5 54. b5+ Kd6 55. b6 Kc6 56. b7 Bd6 57. Ne6 Bb8 58. Ng7 f4 59. Nh5 fxg3
60. fxg3 Ba7 61. e4 Kxb7 62. Kd5 Bb8 63. Ke6 Kc6 64. Kf5 Kd6 65. Kxg4 Ke6 66.
Kg5 1-0

[Event "III Festival Isola Verde A"]
[Site "Ischia ITA"]
[Date "2011.08.02"]
[Round "8"]
[White "Pagano, Sergio"]
[Black "Gaponenko, Inna"]
[Result "0-1"]
[WhiteElo "1970"]
[BlackElo "2442"]
[PlyCount "56"]
[EventDate "2011.07.26"]

1. d4 Nf6 2. Nf3 g6 3. c4 Bg7 4. Nc3 O-O 5. b4 d6 6. e3 e5 7. Qb3 exd4 8. exd4
c5 9. Be2 Nc6 10. bxc5 dxc5 11. dxc5 Nd7 12. Be3 Qa5 13. Rc1 Nxc5 14. Bxc5 Qxc5
15. O-O Re8 16. Rfe1 Nd4 17. Nxd4 Bxd4 18. Nd1 Bd7 19. Kf1 Bc6 20. Bf3 Rxe1+
21. Kxe1 Re8+ 22. Kf1 Qe5 23. g3 Qe1+ 24. Kg2 Bxf2 25. Bxc6 bxc6 26. Qf3 Bd4
27. Qxc6 Re2+ 28. Kh3 Qf1+ 0-1